00623nam a2200169Ia 4500008004100000100003000041245009400071245005900165260005900224260000900283300001000292650001800302650001500320856002600335999001900361952007300380170221s9999 xx 000 0 und d aMamghani, Nasser Kolaini. aDesigning an Educational Aid Tool to Learning Waste Separation for 5-7 Years Old Children cNasser Kolaini Mamghani, Sara Mostowfi, Mehdi Khorram. bOnline Journal of Communication and Media Technologies c2015 a8 : 1 xCommunication xMedia Arts uhttp://www.ojcmt.net/ c308688d308688 001040aCLbCLd2017-02-21l0r2017-02-21 00:00:00w2017-02-21yFOJ